000 00889nam a22001937a 4500
005 20240806153849.0
010 _aB-760172 CHHN
020 _c350.00
_a9789392608056
035 _aB-760172
037 _bउपहार
082 _a
100 _aजैन, आनन्द प्रकाश
_969612
245 _aचोर की दाढ़ी में तिनका/
_cआनन्द प्रकाश जैन
260 _a दिल्ली
_bफ्रंट पेज पब्लिशर्स
_c2022
270 _a1376, सेकंड फलोर, कश्मीरी गेट,
_bदिल्ली
_e110006
300 _a48पृ.
_c24सेमी (सजिल्द)
_bसचित्र
942 _2ddc
_cCH
_h
_mजैनआ
999 _c204892
_d204892